<?xml version="1.0" encoding="UTF-8"?>
<record
    xmlns:xsi="http://www.w3.org/2001/XMLSchema-instance"
    xsi:schemaLocation="http://www.loc.gov/MARC21/slim http://www.loc.gov/standards/marcxml/schema/MARC21slim.xsd"
    xmlns="http://www.loc.gov/MARC21/slim">

  <leader>01940nam a22002297a 4500</leader>
  <controlfield tag="005">20251104091756.0</controlfield>
  <controlfield tag="008">251104b        |||||||| |||| 00| 0 eng d</controlfield>
  <datafield tag="020" ind1=" " ind2=" ">
    <subfield code="a">9789390441167</subfield>
  </datafield>
  <datafield tag="040" ind1=" " ind2=" ">
    <subfield code="c">AL</subfield>
  </datafield>
  <datafield tag="041" ind1=" " ind2=" ">
    <subfield code="a">eng</subfield>
  </datafield>
  <datafield tag="082" ind1=" " ind2=" ">
    <subfield code="a">820.33</subfield>
    <subfield code="b">PANY</subfield>
  </datafield>
  <datafield tag="100" ind1=" " ind2=" ">
    <subfield code="a">Ajay K Pandey</subfield>
    <subfield code="9">243655</subfield>
  </datafield>
  <datafield tag="245" ind1=" " ind2=" ">
    <subfield code="a">You are the best friend</subfield>
  </datafield>
  <datafield tag="260" ind1=" " ind2=" ">
    <subfield code="a">New Delhi</subfield>
    <subfield code="b">Srishti Publishers and Distributors</subfield>
    <subfield code="c">2023</subfield>
  </datafield>
  <datafield tag="300" ind1=" " ind2=" ">
    <subfield code="a">x,221p.</subfield>
    <subfield code="b">PB</subfield>
    <subfield code="c">20x13cm</subfield>
  </datafield>
  <datafield tag="365" ind1=" " ind2=" ">
    <subfield code="2">English</subfield>
    <subfield code="a">4241</subfield>
    <subfield code="b">&#x20B9;200.00</subfield>
    <subfield code="c">&#x20B9;</subfield>
    <subfield code="d">&#x20B9;250.00</subfield>
    <subfield code="e">20%</subfield>
  </datafield>
  <datafield tag="520" ind1=" " ind2=" ">
    <subfield code="a">You might come across love many times in life;
but the one that you experience with your best friend is etched for eternity.
Ajay is fighting demons in his mind after losing his wife Bhavna. Ten years of togetherness, and a harsh twist of fate have thrown him into the pit of depression. With medication and therapy helping him fight his immense grief, there is only one ray of hope for him &#x2013; he wants to immortalize his wife.
Anisha lives life queen size. Making the most of each moment, she loves everything that she is blessed with. She is shocked when she meets Ajay. How can someone hate God so much? More than anything, what will that hatred do to him?
Even as her mind makes a harsh judgment about Ajay, her heart notices his simple and caring gesture that changes her perception completely.
So begins the journey of two people who are poles apart. A journey which will change their outlook towards life.
Ever felt the need to have a friend who could just sit with you and talk for hours?
Do you think friendship can bring you out of emotional pain and depression?
Read this emotional rollercoaster from the pen of bestselling author Ajay K Pandey, which explores friendship like never before, and is sure to re-affirm your faith in life.</subfield>
  </datafield>
  <datafield tag="650" ind1=" " ind2=" ">
    <subfield code="a">Indian English Fiction</subfield>
    <subfield code="9">243656</subfield>
  </datafield>
  <datafield tag="650" ind1=" " ind2=" ">
    <subfield code="a">Indian Novel </subfield>
    <subfield code="9">243657</subfield>
  </datafield>
  <datafield tag="650" ind1=" " ind2=" ">
    <subfield code="a">True story of mental health and finding inner peace</subfield>
    <subfield code="9">243658</subfield>
  </datafield>
  <datafield tag="942" ind1=" " ind2=" ">
    <subfield code="2">ddc</subfield>
    <subfield code="c">BK</subfield>
  </datafield>
  <datafield tag="999" ind1=" " ind2=" ">
    <subfield code="c">240646</subfield>
    <subfield code="d">240646</subfield>
  </datafield>
  <datafield tag="952" ind1=" " ind2=" ">
    <subfield code="0">0</subfield>
    <subfield code="1">0</subfield>
    <subfield code="2">ddc</subfield>
    <subfield code="4">0</subfield>
    <subfield code="7">0</subfield>
    <subfield code="8">ENG</subfield>
    <subfield code="a">AL</subfield>
    <subfield code="b">AL</subfield>
    <subfield code="c">SK</subfield>
    <subfield code="d">2025-10-30</subfield>
    <subfield code="e">Biblios Book Point, Surathkal, Mangalore-575014</subfield>
    <subfield code="g">200.00</subfield>
    <subfield code="l">0</subfield>
    <subfield code="o">820.33 PANY</subfield>
    <subfield code="p">077983</subfield>
    <subfield code="r">2025-11-04 09:20:35</subfield>
    <subfield code="v">250.00</subfield>
    <subfield code="w">2025-10-25</subfield>
    <subfield code="y">BK</subfield>
  </datafield>
</record>
